| 000 | 00000nam 2200000za 4500 |
| 001 | 9.612904 |
| 003 | CaOODSP |
| 005 | 20220316110351 |
| 007 | ta |
| 008 | 150406|1996||||xxc||||| f|0| 0 eng d |
| 020 | |a0-662-24242-4 |
| 040 | |aCaOODSP|beng |
| 043 | |an-cn--- |
| 086 | 1 |aC2-280/5-1996E |
| 110 | 1 |aCanada. |bIndustry Canada. |
| 245 | 10|aInsider trading |
| 260 | |aOttawa - Ontario : |bIndustry Canada |c1996. |
| 300 | |a63p. in various pagings. : |breferences ; |c28 cm. + |ea questionnaire, 15p. |
| 490 | 1 |aCanada Business Corporations Act |
| 500 | |a"This paper analyzes whether the CBCA's insider trading provisions are still needed and, if they are still needed, what changes should be made to modernize them."--Executive summary. |
| 520 | 3 |aThis paper analyzes whether the CBCA's insider trading provisions are still needed and, if they are still needed, what changes should be made to modernize them.--Executive summary |
| 563 | |aProcessed |
| 590 | |a96-08|b1996-02-23 |
| 690 | 07|aCorporations|2gcpds |
| 776 | 0#|tCanada Business Corporations Act : |w(CaOODSP)9.909136 |
| 830 | #0|aCanada Business Corporations Act.|w(CaOODSP)9.514429 |